000 01131nam a2200277 i 4500
001 bg
003 KOSZ 005
005 20220901083043.0
008 990506s1963 pl a g 000 0 pol
015 _aPB 1964/2775
040 _aWA N
_cKOSZ 005/RW
_dKOSZ 005/RW
080 _a913(100)
245 0 0 _aGeografia powszechna.
_nT. 2,
_pCzłowiek i jego działalność gospodarcza /
_cprzewodniczący kom. red. August Zierhoffer ; red. Józef Barbag ; red. kartogr. Franciszek Uhorczak.
260 _aWarszawa :
_bPaństwowe Wydawnictwo Naukowe,
_c1963.
300 _a434, [5] s., [26] k. tabl. :
_bil. ;
_c30 cm.
380 _aKsiążki.
504 _aBibliogr. przy rozdz.
650 4 _aGeografia gospodarcza
650 4 _aAntropogeografia
700 1 _aBarbag, Józef
_d(1903-1982).
_eRedakcja
710 2 _aPaństwowe Wydawnictwo Naukowe
_4pbl.
700 1 _aZierhoffer, August
_d(1893-1969)
_eRedakcja
700 1 _aUhorczak, Franciszek
_d(1902-1981)
_eRedakcja
856 _uhttp://koha.tu.koszalin.pl/cgi-bin/koha/opac-detail.pl?biblionumber=11008
_yKatalog online BPK
942 _2UKD
_cKS
999 _c11008
_d11008